| 000 | 00675nam a22002172 4500 | ||
|---|---|---|---|
| 001 | 0000020469 | ||
| 005 | 20151217152215.0 | ||
| 008 | 110919s xx 000 0 eng d | ||
| 020 | _a0199568673 : | ||
| 040 |
_aKABU _cKABU |
||
| 100 | 1 |
_aCarolan, Eoin. _@0000180744 |
|
| 245 | 1 | 4 |
_aThe new separation of powers : _ba theory for the modern state / _cEoin Carolan. |
| 250 | _a1st ed. | ||
| 260 |
_aOxford : _bOUP, _c2009. |
||
| 300 | _axxvii, 286 p. | ||
| 650 | 0 |
_aSeparation of powers _zIreland. _@0000180745 |
|
| 650 | 0 |
_aPublic administration _zIreland. _@0000180746 |
|
| 852 | 1 | _9p7700 KES | |
| 908 | _a110919 | ||
| 950 | _@1 | ||
| 999 |
_c9347 _d9347 |
||